000 01115nam a2200229Ia 4500
003 Ost
005 20260507075153.0
008 260507s9999||||xx |||||||||||||| ||und||
020 _a92652499539
040 _cfsecg
041 _aara
082 _a330
100 _aالفيومي، لينا يعقوب
_eمؤلف
245 0 _aالآثار الناشئة عن دمج الشركات المساهمة /
_c لينا يعقوب الفيومي
260 _aبيروت:
_bمنشورات الحلبي,
_c2009
300 _a160 صفحة؛
_c24 سم
504 _aمراجع ص.153
520 _a1)آثار الدمج على الاموال : مفهوم الذمة المالية ومصيرها عند الدمج ، مصير العقود المبرمة من الشركات المساهمة عند الدمج ، عقد الايجار و عقد العمل 2) آثار الدمج على الاشخاص : الدمج بالنسبة للأعضاء في الشركة ، الدمج بالنسبة للغير
653 _aالشركات
653 _aالشركات المساهمة المحدودة
942 _cكتاب
999 _c43352
_d43352